Janson's History of Art: (Record no. 11682)
[ view plain ]
| 000 -LEADER | |
|---|---|
| fixed length control field | 00714nam a22002297a 4500 |
| 008 - FIXED-LENGTH DATA ELEMENTS--GENERAL INFORMATION | |
| fixed length control field | 160711b xxu||||| |||| 00| 0 eng d |
| 020 ## - INTERNATIONAL STANDARD BOOK NUMBER | |
| International Standard Book Number | 9780205697410 |
| 020 ## - INTERNATIONAL STANDARD BOOK NUMBER | |
| International Standard Book Number | 0205697410 |
| 050 ## - LIBRARY OF CONGRESS CALL NUMBER | |
| Classification number | N 5300 .J3 2007 |
| 100 ## - MAIN ENTRY--PERSONAL NAME | |
| Personal name | Davies, Penelope .J E. |
| 245 ## - TITLE STATEMENT | |
| Title | Janson's History of Art: |
| Remainder of title | The Middle Ages / |
| Statement of responsibility, etc. | Penelope J E Davies...[et al]. |
| 250 ## - EDITION STATEMENT | |
| Edition statement | 7th ed. |
| Remainder of edition statement | Portable ed |
| 260 ## - PUBLICATION, DISTRIBUTION, ETC. (IMPRINT) | |
| Place of publication, distribution, etc. | Upper Saddle River, N.J. : |
| Name of publisher, distributor, etc. | Pearson Prentice Hall, |
| Date of publication, distribution, etc. | ©2007. |
| 300 ## - PHYSICAL DESCRIPTION | |
| Extent | ix 467[21]p. : |
| Other physical details | ill. ; |
| Dimensions | 30 cm |
| 504 ## - BIBLIOGRAPHY, ETC. NOTE | |
| Bibliography, etc | Includes bibliographical references and index |
| 650 ## - SUBJECT ADDED ENTRY--TOPICAL TERM | |
| Topical term or geographic name as entry element | Art |
| General subdivision | History |
| 700 ## - ADDED ENTRY--PERSONAL NAME | |
| Personal name | Simon, David L. |
| 700 ## - ADDED ENTRY--PERSONAL NAME | |
| Personal name | Denny, Walter B. |
| 700 ## - ADDED ENTRY--PERSONAL NAME | |
| Personal name | Roberts, Ann M. |
| 700 ## - ADDED ENTRY--PERSONAL NAME | |
| Personal name | Hofrichter, Fox Frima |
| 700 ## - ADDED ENTRY--PERSONAL NAME | |
| Personal name | Jacobs, Joseph |
| 942 ## - ADDED ENTRY ELEMENTS (KOHA) | |
| Source of classification or shelving scheme | |
| Koha item type | Hard Covered Materials |
| Classification part | N 5300 .J3 2007 |
| Koha issues (borrowed), all copies | 1 |
| Withdrawn status | Lost status | Source of classification or shelving scheme | Damaged status | Not for loan | Home library | Current library | Shelving location | Date acquired | Source of acquisition | Total Checkouts | Full call number | Barcode | Date last seen | Date last checked out | Price effective from | Koha item type |
|---|---|---|---|---|---|---|---|---|---|---|---|---|---|---|---|---|
| MACHAKOS UNIVERSITY LIBRARY | MACHAKOS UNIVERSITY LIBRARY | Open shelf | 11/07/2016 | Donation (BFA) | 1 | N 5300 .J3 2007 | 24042 | 14/12/2018 | 14/12/2018 | 11/07/2016 | Hard Covered Materials | |||||
| MACHAKOS UNIVERSITY LIBRARY | MACHAKOS UNIVERSITY LIBRARY | Technical section | 11/07/2016 | Donation (BFA) | N 5300 .J3 2007 | 24041 | 08/06/2018 | 11/07/2016 | Hard Covered Materials | |||||||
| MACHAKOS UNIVERSITY LIBRARY | MACHAKOS UNIVERSITY LIBRARY | Open shelf | 11/07/2016 | Donation (BFA) | N 5300 .J3 2007 | 24043 | 11/07/2016 | 11/07/2016 | Hard Covered Materials | |||||||
| MACHAKOS UNIVERSITY LIBRARY | MACHAKOS UNIVERSITY LIBRARY | Technical section | 11/07/2016 | Donation (BFA) | N 5300 .J3 2007 | 24038 | 08/06/2018 | 11/07/2016 | Hard Covered Materials | |||||||
| MACHAKOS UNIVERSITY LIBRARY | MACHAKOS UNIVERSITY LIBRARY | Technical section | 11/07/2016 | Donation (BFA) | N 5300 .J3 2007 | 24040 | 06/06/2019 | 11/07/2016 | Hard Covered Materials |